00290nam a2200121Ia 4500008004100000041000900041082001800050100002300068245002500091260003600116300000800152650000800160230718s9999 xx 000 0 und d aEng. a328048bABB-I aAbbas, Syed Naveed 0aInterpration Statues aPakistanbPunjab Law Bookc2016 a137 aLaw